01460nam a22003617a 4500003000500000005001700005008004100022010000900063011001000072035001000082040000900092090001000101100004500111245012100156260004000277300001000317502007500327590003700402590004100439590004100480590004100521590004200562650003000604650004900634650003600683901000700719942000900726949004200735949004700777999001500824952013200839952012700971CHAP20220329133725.0971013s1994 r 00010 d a9983 a10955 a10193 cCHAP aTesis00aCarrillo Torres, José Héctor.919542 aEvaluación de algunos factores determinantes de la rentabilidad de una empresa productora de becerros para engorda aChapingo, Méx. :bEl autor,c1994 a34 h. aTesis (Ing. Agr. Esp. en Zootecnia) -- UACH. Departamento de Zootecnia aALEPHb10c20130110lUCH01h1226 aBATCH-UPDb10c20130110lUCH01h1623 aBATCH-UPDb10c20130410lUCH01h1017 aBATCH-UPDb10c20130914lUCH01h0551 aCONVERSIONb10c20130109lUCH01h130614aBecerrosxEngorda.91118014aGanado vacunoxAspectos económicos.94543614aGanado vacunoxMercadeo.945481 aBK cFOLL bBCcTESd-21601eTS1h26614i10193si bBCcTESd-21603eTS2fc.2h26615i10193si c9983d9983 00102local4053708TESISaBCbBCcPA_TESISd2019-12-31fTESISl0oTesisp-21603r2019-12-31 00:00:00tc.2w2019-12-31yTESIS 00102local4051708TESISaBCbBCcPA_TESISd2019-12-31fTESISl0oTesisp-21601r2019-12-31 00:00:00w2019-12-31yTESIS